Hrajeme si na poníky : hry, úkoly, otazníky /

Hlavní autor: Regan, Lisa, 1971-
Další autoři: Webb, Trudi, Green, Barry
Jazyk: Čeština
Vydáno: V Brně : CPress, 2014
Vydání: 1. vyd.
Témata:
Fyzický popis: 44 s. : barev. il. ; 30 cm
Knihy
Uloženo v:
LEADER 01572nam a2200445 a 4500
001 nkc20142637978
003 CZ PrNK
005 20150105123315.0
007 ta
008 141124s2014 xr a b 000 1 cze
015 |a cnb002637978 
020 |a 978-80-264-0558-0  |q (brož.) 
035 |a (OCoLC)900136974 
040 |a BOA001  |b cze 
041 1 |a cze  |h eng 
072 7 |a 821-93  |x Literatura pro děti a mládež (beletrie)  |2 Konspekt  |9 26 
080 |a 821-93  |2 MRF 
080 |a (076.1)  |2 MRF 
100 1 |a Regan, Lisa,  |d 1971-  |7 mzk2009535172  |4 aut 
245 1 0 |a Hrajeme si na poníky :  |b hry, úkoly, otazníky /  |c Lisa Reganová a Trudi Webbová ; ilustrace Barry Green ; [překlad Zuzana Neubauerová] 
246 1 8 |a Hry, úkoly, otazníky - hrajeme si na poníky 
250 |a 1. vyd. 
260 |a V Brně :  |b CPress,  |c 2014 
300 |a 44 s. :  |b barev. il. ;  |c 30 cm 
500 |a Přeloženo z angličtiny 
521 8 |a Pro děti od 3 let 
655 7 |a pracovní sešity  |7 fd133116  |2 czenas 
655 7 |a publikace pro děti  |7 fd133156  |2 czenas 
655 9 |a activity books  |2 eczenas 
655 9 |a children's literature  |2 eczenas 
700 1 |a Webb, Trudi  |7 mzk2014848740  |4 aut 
700 1 |a Green, Barry  |7 xx0163549  |4 ill 
765 0 |t Puzzle activity book: puzzle ponies  |9 Česky 
765 1 |t Puzzle ponies  |9 Česky 
910 2 |a BOA001  |b 4-1337.099 
928 9 |a Albatros Media - CPress 
990 |a BK 
995 |a 01 
991 |b 201412  |c NOV  |e db 
996 6 |b 2610612665  |c 4-1337.099  |l MZK  |r Sklad / do 1 hodiny  |n 0  |p p.v.  |w 001473243  |u 000010  |a 1  |e BOA001  |j MZK50  |s P